000 01101nam a2200289Ia 4500
001 B4533
003 IT-RoPAU
008 130308s9999 xx 000 0 und d
040 _aIT-RoPAU
040 _cIT-RoPAU
041 _aITALIANO
100 _aGarancini Gianfranco
100 _gCodice Aut. SPICS: 22358
245 _aFedeltà ad una storia e ad una cultura
245 _bInformazione e Territorio-I venticinque Anni della federazione Italiana settimanali Cattolici
250 _a1a ed.
260 _aROMA
260 _bFederaz. Ital. Settim. Cattolici
260 _c1992 [1° Ed.:1992 - Ed.Ling.Originale:1992]
300 _a"17 p. (prefazione: no ; testo: 17 [pagine: 205-221])"
500 _aPer una Cultura del Territorio. Attenzione al Territorio Non è Campanilismo. Pericoloso Identificare Sociale e Politico. Ideologie vedono una Società senza Memoria. Decentramento e Autonomia. Fedeltà a una Storia di Popolo. Cosa Dire con Il Giornale?
650 _aGENERI DI STAMPA DI MASSA
650 _eCodice materia Spics: 6660
942 _cBK
957 _71
999 _c82785
_d82785
999 _g1